Micrbiology Quiz (Record no. 11979)

MARC details
000 -LEADER
fixed length control field 00384nam a22001697a 4500
003 - CONTROL NUMBER IDENTIFIER
control field OSt
008 - FIXED-LENGTH DATA ELEMENTS--GENERAL INFORMATION
fixed length control field 230420b |||||||| |||| 00| 0 eng d
020 ## - INTERNATIONAL STANDARD BOOK NUMBER
International Standard Book Number 9788191019292
082 ## - DEWEY DECIMAL CLASSIFICATION NUMBER
Classification number 579 MUM
100 ## - MAIN ENTRY--PERSONAL NAME
Personal name MUDILI, Jayababu
245 ## - TITLE STATEMENT
Title Micrbiology Quiz
250 ## - EDITION STATEMENT
Edition statement Ist
260 ## - PUBLICATION, DISTRIBUTION, ETC. (IMPRINT)
Name of publisher, distributor, etc Pharma Med Press
Place of publication, distribution, etc Hyderabad
300 ## - PHYSICAL DESCRIPTION
Extent ix,277
650 ## - SUBJECT ADDED ENTRY--TOPICAL TERM
Topical term or geographic name as entry element Microbiology
942 ## - ADDED ENTRY ELEMENTS (KOHA)
Source of classification or shelving scheme Dewey Decimal Classification
Koha item type Text Books
Holdings
Withdrawn status Lost status Source of classification or shelving scheme Damaged status Not for loan Collection code Home library Current library Date acquired Source of acquisition Currency Cost, normal purchase price Bill Number Total Checkouts Full call number Acc. no. / Barcode Date last seen Actual Cost, discounted price Bill Date Koha item type Date last borrowed
    Dewey Decimal Classification     B.Pharma PIET C-LIBRARY PIET C-LIBRARY 12/04/2023 INTERNATIONAL BOOK CENTRE RUPEES 495.00 IB/IN/1426   579 MUM BP2033 20/04/2023 361.35 31/03/2023 Text Books  
    Dewey Decimal Classification     B.Pharma PIET C-LIBRARY PIET C-LIBRARY 12/04/2023 INTERNATIONAL BOOK CENTRE RUPEES 495.00 IB/IN/1426   579 MUM BP2034 20/04/2023 361.35 31/03/2023 Reference Books  
    Dewey Decimal Classification     B.Pharma PIET C-LIBRARY PIET C-LIBRARY 12/04/2023 INTERNATIONAL BOOK CENTRE RUPEES 495.00 IB/IN/1426   579 MUM BP2035 20/04/2023 361.35 31/03/2023 Text Books  
    Dewey Decimal Classification     B.Pharma PIET C-LIBRARY PIET C-LIBRARY 12/04/2023 INTERNATIONAL BOOK CENTRE RUPEES 495.00 IB/IN/1426   579 MUM BP2036 20/04/2023 361.35 31/03/2023 Text Books  
    Dewey Decimal Classification     B.Pharma PIET C-LIBRARY PIET C-LIBRARY 12/04/2023 INTERNATIONAL BOOK CENTRE RUPEES 495.00 IB/IN/1426   579 MUM BP2037 20/04/2023 361.35 31/03/2023 Text Books  
    Dewey Decimal Classification     B.Pharma PIET C-LIBRARY PIET C-LIBRARY 12/04/2023 INTERNATIONAL BOOK CENTRE RUPEES 495.00 IB/IN/1426 1 579 MUM BP2038 15/05/2023 361.35 31/03/2023 Text Books 03/05/2023
    Dewey Decimal Classification     B.Pharma PIET C-LIBRARY PIET C-LIBRARY 12/04/2023 INTERNATIONAL BOOK CENTRE RUPEES 495.00 IB/IN/1426   579 MUM BP2039 20/04/2023 361.35 31/03/2023 Text Books  
    Dewey Decimal Classification     B.Pharma PIET C-LIBRARY PIET C-LIBRARY 12/04/2023 INTERNATIONAL BOOK CENTRE RUPEES 495.00 IB/IN/1426   579 MUM BP2040 20/04/2023 361.35 31/03/2023 Text Books  
    Dewey Decimal Classification     B.Pharma PIET C-LIBRARY PIET C-LIBRARY 12/04/2023 INTERNATIONAL BOOK CENTRE RUPEES 495.00 IB/IN/1426   579 MUM BP2041 20/04/2023 361.35 31/03/2023 Text Books  
    Dewey Decimal Classification     B.Pharma PIET C-LIBRARY PIET C-LIBRARY 12/04/2023 INTERNATIONAL BOOK CENTRE RUPEES 495.00 IB/IN/1426   579 MUM BP2042 20/04/2023 361.35 31/03/2023 Text Books  

Design & Developed by: PIET Central Library
R70 Miles Stone Pattikalyana Samalkha Panipat 132102
mail ID :- [email protected], Phone No:- 0180-2569700 Ex.216